00878cam a22002534a 4500020001500000020002000015020001500035020002000050040000800070082002600078245004900104246003600153250001200189260004500201300003400246650003400280650003400314700001900348700002000367856006600387942000700453999001700460952014700477 a0415239583 a0415239591 (pb) a1841420131 a1841420123 (pb) cDLC00a333 SPO 2001 A070 Or.00aMethods of environmental impact assessment /30aEnvironmental impact assessment a2nd ed. aLondon ;aNew York :bSpon Press,c2001. axiv, 492 p. :bill. ;c24 cm. 0aEnvironmental impact analysis 0aEnvironmental impact analysis1 aMorris, Peter,1 aTherivel, Riki,42uhttp://www.loc.gov/catdir/enhancements/fy0702/00068766-d.html cEK c14780d14780 0010406333_000000000000000_SPO_2001_A070_OR70967334aLBAbLBAcA070d2017-10-25o333 SPO 2001 A070 Or.pA04488r2017-10-25w2017-10-25yEK